Detalles MARC
| 000 -LÍDER |
| Campo fijo de descripción fija |
01562nam a22003137i 4500 |
| 001 - NÚMERO DE CONTROL |
| Campo de control |
768714001 |
| 003 - IDENTIFICADOR DEL NÚMERO DE CONTROL |
| Campo de control |
CO-MdFUSB |
| 005 - FECHA Y HORA DE LA ULTIMA TRANSACCIÓN |
| control field |
20240618062719.0 |
| 008 - ELEMENTOS DE LONGITUD FIJA -- INFORMACIÓN GENERAL |
| Campo fijo de descripción fija -- Información general |
180727t2015 xxu||||| |||| 00| 0 spa d |
| 020 ## - NÚMERO INTERNACIONAL NORMALIZADO PARA LIBROS |
| Número Internacional Normalizado del libro |
9781516977642 |
| 040 ## - FUENTE DE CATALOGACIÓN |
| Agencia de catalogación original |
CO-MdFUSB |
| Idioma de catalogación |
spa |
| Agencia que realiza la transcripción |
CO-MdFUSB |
| Agencia que realiza la modificación |
CO-MdFUSBC |
| Convenciones de la descripción |
rda |
| 041 ## - CÓDIGO DE IDIOMA |
| Código de idioma para texto/pista de sonido o título separado |
spa |
| 082 ## - NÚMERO DE CLASIFICACIÓN DECIMAL DEWEY |
| Número de la edición del Dewey |
22 |
| Número de clasificación |
266 |
| Clave de autor-Numero de item |
L673m |
| 100 ## - ASIENTO PRINCIPAL--NOMBRE PERSONAL |
| Nombre personal |
Lewis, Jonatán Paul |
| Término relacionador |
autor. |
| 245 1# - TÍTULO |
| Título del Material |
Misión mundial |
| Parte restante del título - Subtitulo |
: el pueblo de Dios en su plan global. |
| Mención de responsabilidad, etc. |
/ Jonatán P. Lewis |
| 250 ## - MENCIÓN DE EDICIÓN |
| Mención de edición |
Edición hispanoamericana. |
| 264 #1 - PRODUCCIÓN, PUBLICACIÓN, DISTRIBUCIÓN, MANUFACTURA, Y COPYRIGHT |
| Lugar de producción, publicación, distribución, manufactura |
[Columbia, USA] : |
| Nombre del productor, publicador, distribuidor |
[Global Network], |
| Fecha de producción, publicación, distribución, manufactura, o copyright |
[2018] |
| 264 #4 - PRODUCCIÓN, PUBLICACIÓN, DISTRIBUCIÓN, MANUFACTURA, Y COPYRIGHT |
| Fecha de producción, publicación, distribución, manufactura, o copyright |
©2015 |
| 300 ## - DESCRIPCIÓN FÍSICA |
| Extensión |
196 páginas |
| Dimensiones |
; 24 cm |
| 336 ## - TIPO DE CONTENIDO |
| Fuente |
rdacontent |
| Término de tipo de contenido |
texto |
| Código de tipo de contenido |
txt |
| 337 ## - TIPO DE MEDIO |
| Fuente |
rdamedia |
| Nombre del tipo de medio |
sin mediación |
| Código del tipo de medio |
n |
| 338 ## - TIPO DE SOPORTE |
| Fuente |
rdacarrier |
| Nombre del tipo de soporte |
volumen |
| Código Tipo de soporte |
nc |
| 500 ## - NOTA GENERAL |
| Nota General |
Edición basada en Misión Mundial: Propósito y plan de Dios, 4a edición. |
| 505 ## - NOTA DE CONTENIDO |
| Nota de contenido con formato preestablecido |
Misión, la base de la Biblia -- ¿Están perdidos? -- La historia de su gloria -- ¿Qué quiere Dios? -- La responsabilidad de Israel. -- La respuesta de Israel. -- Venga tu reino. -- Cristo y el reino. -- Los discípulos y el reino. -- El mandato supremo. -- El ministerio apostólico de Pablo. -- El objetivo de la misión. -- Las diez épocas -- Expansión cristiana. -- El movimiento misionero protestante. -- Misiones hacia América Latina. -- De campo misionero a fuerza misionera. -- Ocupándonos en la tarea. -- El llamado y la formación del misionero. -- La iglesia local y las misiones. |
| 563 ## - NOTA DE ENCUADERNACIÓN |
| Nota de encuadernación |
Rústico |
| 650 #0 - ASIENTO SECUNDARIO DE MATERIA - TERMINO TEMÁTICO |
| Término temático o nombre geográfico como elemento de entrada |
Misiones |
| 9 (RLIN) |
154 |
| 650 #7 - ASIENTO SECUNDARIO DE MATERIA - TERMINO TEMÁTICO |
| Término temático o nombre geográfico como elemento de entrada |
Misioneros |
| Fuente del encabezamiento o término |
|
| 9 (RLIN) |
931 |
| 942 ## - TIPO DE MATERIAL (KOHA) |
| Tipo de Item KOHA |
Libros General |